[Event "Berlin op 06"]
[Site "Berlin"]
[Date "2004.06.13"]
[Round "5"]
[White "Weiss, Meinolf"]
[Black "Jachym, Christoph"]
[Result "0-1"]
[WhiteElo "1331"]
[BlackElo "1501"]
[PlyCount "112"]
[EventDate "2004.06.11"]
[EventType "swiss"]
[EventRounds "5"]
[EventCountry "GER"]
[SourceTitle "EXT 2007"]
[Source "ChessBase"]
[SourceDate "2006.11.23"]
[SourceVersion "1"]
[SourceVersionDate "2006.11.23"]
[SourceQuality "1"]

1. c4 Nf6 2. Nc3 e6 3. d4 Bb4 4. Bd2 c5 5. a3 Bxc3 6. Bxc3 cxd4 7. Qxd4 Nc6 8. Qd1 b6 9. e3 Bb7 10. Nf3 0-0 11. Bd3 d5 12. cxd5 Nxd5 13. Qc2 f5 14. Rd1 Nxc3 15. bxc3 Qe7 16. a4 Rad8 17. 0-0 Qf6 18. Nd4 Ne5 19. f3 Qh6 20. Qe2 Nxd3 21. Qxd3 Qf6 22. Qe2 e5 23. Nb5 a6 24. Na3 Qc6 25. Qc4+ Kh8 26. Qxc6 Bxc6 27. Rxd8 Rxd8 28. Nc4 Bxa4 29. Nxe5 Re8 30. f4 Kg8 31. Rc1 Rd8 32. c4 Rd1+ 33. Rxd1 Bxd1 34. Nd7 a5 35. Nxb6 a4 36. Nd5 Bb3 37. Nb4 a3 38. c5 a2 39. Nxa2 Bxa2 40. h4 Bd5 41. Kh2 Kf7 42. Kh3 h5 43. Kg3 Ke7 44. Kf2 Kd7 45. Kg3 Kc6 46. Kf2 Kxc5 47. Kg3 Kc4 48. Kf2 Kd3 49. g3 Be4 50. Kg1 Kxe3 51. Kh2 Bf3 52. g4 Bxg4 53. Kg3 g6 54. Kg2 Kxf4 55. Kh2 Kf3 56. Kg1 Kg3 0-1